[Event "FRA-chT 9697 fin"]
[Site "Clichy"]
[Date "1997.05.04"]
[Round "11"]
[White "De Witte, Catherine"]
[Black "Baffie, Isabelle"]
[Result "0-1"]
[WhiteElo "1770"]
[BlackElo "1680"]
[PlyCount "80"]
[EventDate "1997.??.??"]
[EventType "team-tourn"]
[EventRounds "4"]
[EventCountry "FRA"]
[SourceTitle "EXT 1999"]
[Source "ChessBase"]
[SourceDate "1998.11.16"]
[SourceVersion "1"]
[SourceVersionDate "1998.11.16"]
[SourceQuality "1"]

1. b3 e5 2. Bb2 Nc6 3. e3 d5 4. Bb5 Bd6 5. Nf3 Qe7 6. d4 f6 7. dxe5 fxe5 8. Qxd5 Bd7 9. Qd1 Nf6 10. Nbd2 a6 11. Be2 e4 12. Nd4 Ne5 13. Nc4 Nxc4 14. Bxc4 b5 15. Bf1 c5 16. Ne2 Bg4 17. Qc1 0-0 18. h3 Bh5 19. Nf4 Be5 20. c4 Rad8 21. Qc2 b4 22. g4 Bxf4 23. exf4 Be8 24. Be5 g5 25. Bxf6 Qxf6 26. Rd1 Rxd1+ 27. Qxd1 Qxf4 28. Qd5+ Bf7 29. Qxc5 Qc1+ 30. Ke2 Qc2+ 31. Ke3 Qc1+ 32. Kxe4 Bg6+ 33. Kd5 Qd2+ 34. Kc6 Rc8+ 35. Kb6 Rxc5 36. Kxc5 Be4 37. Rh2 Qf4 38. Rh1 Bxh1 39. Kxb4 Qxf2 40. Ka5 Qxa2+ 0-1

[Event "FRA-chT 9697 fin"]
[Site "Clichy"]
[Date "1997.05.03"]
[Round "10"]
[White "Fruteau, Sabine"]
[Black "De Witte, Catherine"]
[Result "1/2-1/2"]
[WhiteElo "2165"]
[BlackElo "1770"]
[PlyCount "99"]
[EventDate "1997.??.??"]
[EventType "team-tourn"]
[EventRounds "4"]
[EventCountry "FRA"]
[SourceTitle "EXT 1999"]
[Source "ChessBase"]
[SourceDate "1998.11.16"]
[SourceVersion "1"]
[SourceVersionDate "1998.11.16"]
[SourceQuality "1"]

1. e4 e6 2. d3 b6 3. g3 Bb7 4. Bg2 g6 5. c3 Bg7 6. Nf3 d6 7. 0-0 Nd7 8. Qc2 Ne7 9. d4 0-0 10. Nbd2 a5 11. Re1 e5 12. dxe5 dxe5 13. a4 Nc5 14. Bf1 Nc6 15. b3 Ne6 16. Ba3 Re8 17. Nc4 Ng5 18. Nxg5 Qxg5 19. Ne3 Ne7 20. Bc4 h5 21. h4 Qf6 22. Rad1 Rad8 23. Bb5 c6 24. Bf1 Nc8 25. Nc4 Bf8 26. Bxf8 Kxf8 27. Bh3 c5 28. Bg2 Kg7 29. Qb2 Bc6 30. Ne3 Rxd1 31. Rxd1 Rd8 32. Nd5 Bxd5 33. exd5 Nd6 34. Re1 Re8 35. b4 cxb4 36. cxb4 e4 37. Qb3 Qe5 38. bxa5 bxa5 39. Bh3 Qd4 40. Rd1 Qc5 41. Qe3 Qxe3 42. fxe3 Rb8 43. Rc1 Rb4 44. Rc6 Nc4 45. d6 Ne5 46. Rc1 Rb6 47. Rd1 Nd3 48. d7 Rd6 49. Rb1 Ne5 50. Rb5 1/2-1/2

[Event "FRA-chTA 9697"]
[Site "France"]
[Date "1997.??.??"]
[Round "3"]
[White "Flear, Christine"]
[Black "De Witte, Catherine"]
[Result "1/2-1/2"]
[WhiteElo "2250"]
[BlackElo "1770"]
[PlyCount "61"]
[EventDate "1997.??.??"]
[EventType "team-tourn"]
[EventRounds "7"]
[EventCountry "FRA"]
[SourceTitle "EXT 1999"]
[Source "ChessBase"]
[SourceDate "1998.11.16"]
[SourceVersion "1"]
[SourceVersionDate "1998.11.16"]
[SourceQuality "1"]

1. Nf3 b6 2. g3 Bb7 3. Bg2 Nf6 4. c4 e6 5. d3 Bb4+ 6. Nc3 0-0 7. 0-0 Bxc3 8. bxc3 d6 9. a4 a5 10. Rb1 Nbd7 11. Ba3 Re8 12. d4 Rb8 13. Nd2 Bxg2 14. Kxg2 e5 15. e3 exd4 16. cxd4 Ne4 17. Nxe4 Rxe4 18. Qc2 Re6 19. Rfd1 Nf6 20. d5 Re8 21. Rd4 Qd7 22. Rh4 h6 23. Bb2 Ng4 24. Qc3 Re5 25. Qd3 Rg5 26. f4 Rg6 27. e4 Qe7 28. Rh5 Re8 29. e5 dxe5 30. fxe5 Rg5 31. Rh4 1/2-1/2